Lengua y literatura 1 : Educación Secundaria : [Andalucía]

Gespeichert in:
Bibliographische Detailangaben
Weitere Verfasser: Bello Crespo, Carmen
Format: Buch
Sprache:Spanisch
Erschienen: Madrid : Grupo Anaya, 2007
Katalog:MANES:  Suchergebnis im Bibliothekskatalog
Schulbuchspezifische Eigenschaften:
Tags: Tag hinzufügen
Keine Tags, Fügen Sie den ersten Tag hinzu!
Hinzugefügt zu:20.11.2003
Geändert in:07.05.2025

MARC

LEADER 00000cam a2200000 i 4500
005 20250507134506.0
008 031121s2007 espao fp 00 00spa d
020 |a 9788466759458 
040 |a uned  |b spa  |c entro-manes 
245 0 0 |a Lengua y literatura 1 :   |b Educación Secundaria : [Andalucía] /   |c C. Bello ... [et al.] 
260 |a Madrid :   |b Grupo Anaya,   |c 2007 
300 |a 263 p. :   |b il. +   |e 1 disco compacto (CD-ROM) 
546 |a España 
561 |5 es-BUNED  |3 L.T.M. 2002  |a España. Fondo Manes UNED  |k MANES 
690 0 |a LEN 
700 1 |a Bello Crespo, Carmen 
942 |2 ddc  |c BK 
999 |c 95671  |d 95671 
999 |c manes:95671  |d 95671